Daniel Kim
Maryland B
Categories
Science - Chemistry | 0 | 2 | 0 | 0 | 20 | 123 | 123.00 | 0 | 2 |
Beliefs | 0 | 1 | 0 | 1 | 10 | 137 | 137.00 | 0 | 1 |
Current Events | 0 | 1 | 0 | 1 | 10 | 136 | 136.00 | 0 | 1 |
History - American History | 0 | 1 | 0 | 1 | 10 | 118 | 118.00 | 0 | 1 |
History - European History | 0 | 1 | 0 | 0 | 10 | 127 | 127.00 | 0 | 1 |
History - World History | 0 | 1 | 0 | 1 | 10 | 131 | 131.00 | 0 | 1 |
Other Arts: Visual | 0 | 1 | 0 | 0 | 10 | 111 | 111.00 | 0 | 1 |
Other Science: Astronomy | 0 | 1 | 0 | 1 | 10 | 151 | 151.00 | 1 | 1 |
Other Science: Computer Science | 0 | 1 | 0 | 0 | 10 | 148 | 148.00 | 0 | 1 |
Other Science: Earth Science | 0 | 1 | 0 | 0 | 10 | 127 | 127.00 | 1 | 1 |
Social Science | 0 | 1 | 1 | 1 | 5 | 124 | 124.00 | 0 | 1 |
Science - Physics | 0 | 0 | 0 | 0 | 0 | 0.00 | 0 | 0 | |
Ancient History and Archaeology | 0 | 0 | 0 | 0 | 0 | 0.00 | 0 | 0 |